Central Library OPAC University of Rajshahi

Public enterprise and economic development / (Record no. 45508)

MARC details
000 -LEADER
fixed length control field 00815nam a2200265 a 4500
001 - CONTROL NUMBER
control field 45508
003 - CONTROL NUMBER IDENTIFIER
rucl marc code BD-RjUL
005 - DATE AND TIME OF LATEST TRANSACTION
control field 20211209054026.0
008 - FIXED-LENGTH DATA ELEMENTS--GENERAL INFORMATION
fixed length control field 160725s1965 enk 00| 0 eng
020 ## - INTERNATIONAL STANDARD BOOK NUMBER
International Standard Book Number 0710014902
035 ## - SYSTEM CONTROL NUMBER
System control number (BD-RjUL)45626
040 ## - CATALOGING SOURCE
Original cataloging agency DLC
Transcribing agency TxShA
Modifying agency OCoLC
-- Uk
-- DLC
-- BD-RjUL
Language of cataloging eng
041 ## - LANGUAGE CODE
Language code of text/sound track or separate title eng
082 ## - DEWEY DECIMAL CLASSIFICATION NUMBER
Classification number 338.9
Author mark and year HAP 191972
Edition number 23
100 1# - MAIN ENTRY--PERSONAL NAME
Personal name Hanson, A. H.
Fuller form of name (Albert Henry)
9 (RLIN) 12073
245 10 - TITLE STATEMENT
Title Public enterprise and economic development /
Statement of responsibility, etc. A. H. Hanson
250 ## - EDITION STATEMENT
Edition statement 2nd ed.
260 ## - PUBLICATION, DISTRIBUTION, ETC. (IMPRINT)
Place of publication, distribution, etc. London :
Name of publisher, distributor, etc. Routledge & K. Paul ltd.,
Date of publication, distribution, etc. 1965 [reprint 1972]
300 ## - PHYSICAL DESCRIPTION
Pagination xxxvii, 485 p. ;
Size 23 cm.
500 ## - GENERAL NOTE
General note Includes index.
650 #0 - SUBJECT ADDED ENTRY--TOPICAL TERM
Topical term or geographic name as entry element Government business enterprises
9 (RLIN) 14881
Topical term or geographic name as entry element Government Corporations,
9 (RLIN) 13175
Topical term or geographic name as entry element Economic development
9 (RLIN) 14882
942 ## - ADDED ENTRY ELEMENTS (KOHA)
Source of classification or shelving scheme Dewey Decimal Classification
Koha item type Books
Holdings
Lost status Source of classification or shelving scheme Damaged status Not for loan Collection code Permanent Location Current Location Shelving location Date acquired Source of acquisition Cost, normal purchase price Total Checkouts Full call number Date last seen Copy number Koha item type
  Dewey Decimal Classification     Non-fiction Central Library, University of Rajshahi Central Library, University of Rajshahi   07/02/1967 Royal Peess co. 31.50   338.9 HAP 1965 26/07/2016 C-2 Books
  Dewey Decimal Classification     Non-fiction Central Library, University of Rajshahi Central Library, University of Rajshahi   07/02/1967 Royal Peess co. 31.50   338.9 HAP 1965 26/07/2016 C-3 Books
  Dewey Decimal Classification     Non-fiction Central Library, University of Rajshahi Central Library, University of Rajshahi   21/11/1970 Sweets and Zeithlinger 55.00   338.9 HAP 1965 26/07/2016 C-4 Books
  Dewey Decimal Classification     Non-fiction Central Library, University of Rajshahi Central Library, University of Rajshahi   08/06/1977 W.U.S.     338.9 HAP 1965 26/07/2016 C-5 Books